[Event "AUTO-OPEN-2119"]
[Site "http://www.queenalice.com/game.php?id=839649"]
[Date "2010.9.29"]
[Round "1"]
[White "hoovain"]
[Black "Nando_Oliveira"]
[Result "0-1"]
[WhiteElo "1797"]
[BlackElo "1809"]

1. d4 d5 2. c4 b6 3. Nc3 e6 4. Nf3 h6 5. e4 Bb4 6. Qc2 Nc6 7. e5 Nge7 8. Bd2 Nf5
9. a3 Bxc3 10. Bxc3 Bb7 11. Bd3 Nce7 12. O-O c5 13. cxd5 Qxd5 14. Be4 Qxe4 15.
Qd2 Qg4 16. Qd3 Rd8 17. Qb5+ Bc6 18. Qe2 Bxf3 19. Qxf3 Qxf3 20. gxf3 Nxd4 21.
Kg2 Ng6 22. b4 O-O 23. bxc5 bxc5 24. Ra2 Nxe5 0-1

[Event "AUTO-OPEN-2119"]
[Site "http://www.queenalice.com/game.php?id=839672"]
[Date "2010.9.29"]
[Round "1"]
[White "klebercas"]
[Black "hoovain"]
[Result "0-1"]
[WhiteElo "1505"]
[BlackElo "1732"]

1. e4 c5 2. Bc4 d6 3. d3 Nf6 4. Nc3 Nc6 5. Nf3 Bg4 6. Be3 Na5 7. Bb5+ Nc6 8. d4
a6 9. Bd3 cxd4 10. O-O dxe3 11. fxe3 Qb6 12. Nd5 Nxd5 13. exd5 Qxe3+ 14. Kh1 Nd4
15. Re1 Qf4 16. g3 Qf6 17. Re3 Bxf3+ 18. Kg1 Bxd1 19. Rxd1 g6 20. c3 Nf3+ 21.
Kg2 Ne5 22. Rf1 Qxf1+ 23. Kxf1 Nxd3 24. Rxd3 Bg7 25. b3 O-O 26. c4 Rac8 27. Rd2
b5 28. Re2 e6 0-1

[Event "AUTO-OPEN-2119"]
[Site "http://www.queenalice.com/game.php?id=839673"]
[Date "2010.9.29"]
[Round "1"]
[White "hoovain"]
[Black "klebercas"]
[Result "1-0"]
[WhiteElo "1725"]
[BlackElo "1512"]

1. e4 e5 2. Nf3 Nc6 3. Bb5 Bc5 4. Bxc6 bxc6 5. Nxe5 Qf6 6. d4 Bd6 7. Nf3 c5 8.
Bg5 Qg6 9. O-O f6 10. Bh4 Ba6 11. Re1 Bc4 12. Nc3 Nh6 13. e5 fxe5 14. dxe5 Bxe5
15. Rxe5+ Be6 16. Rxc5 O-O 17. Nd5 Bh3 18. Ne7+ Kh8 19. Nxg6+ hxg6 20. gxh3 c6
21. Ng5 Rad8 22. Qd2 d6 23. Rxc6 Nf5 24. Bg3 Rfe8 25. Nf7+ Kh7 26. Nxd8 Rxd8 27.
Bxd6 Nh4 28. Qe3 Nf5 29. Qg5 1-0

[Event "AUTO-OPEN-2119"]
[Site "http://www.queenalice.com/game.php?id=839686"]
[Date "2010.9.29"]
[Round "1"]
[White "Boeing"]
[Black "hoovain"]
[Result "1/2-1/2"]
[WhiteElo "1814"]
[BlackElo "1803"]

1. e4 c6 2. b4 d5 3. e5 e6 4. Ba3 Nh6 5. Nf3 Be7 6. b5 cxb5 7. Bxb5+ Bd7 8.
Bxd7+ Nxd7 9. O-O O-O 10. d4 Rc8 11. Bxe7 Qxe7 12. a4 Nf5 13. Na3 a6 14. Re1 Rc3
15. Nb1 Rc4 16. a5 Rfc8 17. c3 Nb8 18. Nfd2 R4c7 19. Nf3 Nd7 20. h3 b6 21. axb6
Nxb6 22. Rxa6 Nc4 23. g4 Nh6 24. g5 Nf5 25. h4 Ra7 26. Rxa7 Qxa7 27. h5 Rb8 28.
g6 Qe7 29. gxf7+ Qxf7 30. Ng5 Qe7 31. f4 h6 32. Nf3 Rb2 33. Qa4 Nh4 34. Nxh4
Qxh4 35. Qe8+ Kh7 36. Qg6+ Kh8 37. Qe8+ 1/2-1/2

[Event "AUTO-OPEN-2119"]
[Site "http://www.queenalice.com/game.php?id=839687"]
[Date "2010.9.29"]
[Round "1"]
[White "hoovain"]
[Black "Boeing"]
[Result "1-0"]
[WhiteElo "1774"]
[BlackElo "1818"]

1. e4 e5 2. Nf3 d6 3. Bc4 Nf6 4. O-O Nxe4 5. d3 Nc5 6. Nc3 Bg4 7. Bd2 Be7 8. Nd5
O-O 9. h3 Bh5 10. c3 Nc6 11. Be3 e4 12. dxe4 Nxe4 13. Nf4 Bxf3 14. Qxf3 Ng5 15.
Qg4 Ne5 16. Qe2 Ne4 17. Bb3 c5 18. Nd5 b6 19. Nxe7+ Qxe7 20. Bd5 Nxc3 21. bxc3
Rab8 22. Rfe1 Kh8 23. Qh5 f5 24. Bg5 Qd7 25. Rad1 g6 26. Qe2 Rfe8 27. Bf6+ Qg7
28. Bxg7+ Kxg7 29. Qb5 h5 30. f4 a6 31. Qxa6 Nd7 32. Rxe8 Rxe8 33. Bc6 Re7 34.
Rxd6 Nb8 35. Qb5 Nxc6 36. Qxc6 g5 37. Rd7 Rf7 38. Rxf7+ Kxf7 39. Qxb6 gxf4 40.
Kf2 1-0

[Event "Challenge"]
[Site "http://www.queenalice.com/game.php?id=853710"]
[Date "2010.11.2"]
[Round "-"]
[White "JAYMAC10"]
[Black "hoovain"]
[Result "0-1"]
[WhiteElo "1841"]
[BlackElo "1803"]

1. c4 Nf6 2. Nc3 e6 3. e4 Nc6 4. Nf3 Bb4 5. d4 Bxc3+ 6. bxc3 Nxe4 7. Bd3 Nf6 8.
d5 exd5 9. cxd5 Nxd5 10. Qe2+ Qe7 11. Ba3 Qxe2+ 12. Bxe2 Nxc3 13. Bc4 d6 14. O-O
O-O 15. Rac1 Ne4 16. Bd5 Nc5 17. Bxc6 bxc6 18. Bxc5 dxc5 19. Rxc5 Bb7 20. Re1
Rfe8 21. Rxe8+ Rxe8 22. h4 g6 23. Ne5 Rd8 24. Nxc6 Rd2 25. a4 a6 26. Ne7+ Kg7
27. Rxc7 Rb2 28. h5 Ba8 29. Ra7 Bb7 30. hxg6 hxg6 31. g3 Kf8 32. Nc6 Bxc6 33.
Rxa6 Bf3 34. Kh2 Rxf2+ 35. Kh3 Ra2 36. a5 Ra4 37. Rf6 Bd5 38. Rd6 Rxa5 0-1

[Event "Challenge"]
[Site "http://www.queenalice.com/game.php?id=853711"]
[Date "2010.11.2"]
[Round "-"]
[White "hoovain"]
[Black "JAYMAC10"]
[Result "1-0"]
[WhiteElo "1739"]
[BlackElo "1783"]

1. e4 e5 2. Bc4 Nf6 3. Nc3 Bb4 4. Nge2 O-O 5. O-O Nc6 6. d3 Ng4 7. Nd5 Bc5 8. c3
Qh4 9. h3 Nxf2 10. Rxf2 Bxf2+ 11. Kh1 g5 12. Nf6+ Kg7 13. Ng4 d6 14. Nxf2 Qxf2
15. Bxg5 f5 16. Ng1 Qg3 17. Qh5 Kh8 18. Bf6+ Rxf6 19. Qe8+ Kg7 20. Qg8+ Kh6 21.
Qxg3 Rg6 22. Qh4+ Kg7 23. Nf3 fxe4 24. dxe4 Bd7 25. Rf1 Rf8 26. g4 Bxg4 27. hxg4
Rh6 28. Qxh6+ Kxh6 29. Kg2 Ne7 30. a4 Ng6 31. g5+ Kg7 32. Kg3 a5 33. Nh4 Nf4 34.
Kg4 h6 35. Nf5+ Kg6 36. Nxh6 Rh8 37. Bf7+ Kg7 38. b4 axb4 39. cxb4 Ng2 40. Rf6
Kf8 41. Bd5+ Ke7 42. Bxb7 Ne3+ 43. Kf3 Nc4 44. Bc6 Nb6 45. a5 Nc8 46. a6 1-0

[Event "Challenge"]
[Site "http://www.queenalice.com/game.php?id=883909"]
[Date "2011.1.10"]
[Round "-"]
[White "Einstein"]
[Black "hoovain"]
[Result "0-1"]
[WhiteElo "1932"]
[BlackElo "1781"]

1. d4 d5 2. c4 e5 3. e3 e4 4. Nc3 Bb4 5. Qa4+ Nc6 6. a3 Bxc3+ 7. bxc3 Ne7 8.
cxd5 Nxd5 9. Bc4 O-O 10. Ne2 a6 11. Qc2 b5 12. Bxd5 Qxd5 13. O-O Bg4 14. c4 bxc4
15. Nc3 Qe6 16. d5 Qg6 17. dxc6 Bf3 18. g3 Qf5 19. Qe2 Qh3 20. Qxf3 exf3 21. Ne2
Qg2# 0-1

[Event "Challenge"]
[Site "http://www.queenalice.com/game.php?id=883910"]
[Date "2011.1.10"]
[Round "-"]
[White "hoovain"]
[Black "Einstein"]
[Result "0-1"]
[WhiteElo "1792"]
[BlackElo "2001"]

1. e4 e5 2. Nf3 Nc6 3. Bb5 a6 4. Ba4 d5 5. d3 dxe4 6. dxe4 Qxd1+ 7. Kxd1 Bd7 8.
Nc3 O-O-O 9. Nd5 f6 10. Bd2 Nge7 11. c4 Bg4 12. Ke2 Nd4+ 13. Ke3 Nec6 14. Bxc6
Nc2+ 15. Ke2 Nxa1 16. Rxa1 bxc6 17. Ne3 h5 18. b4 Kd7 19. Rd1 Ke6 20. c5 Rb8 21.
h3 Bxf3+ 22. Kxf3 g6 23. Ke2 a5 24. a3 Bh6 25. Nc4 Bxd2 26. Rxd2 axb4 27. axb4
Rxb4 28. Rc2 Rd8 29. Na5 Rxe4+ 30. Kf3 f5 31. Nxc6 Rd3# 0-1

[Event "AUTO-OPEN-2301"]
[Site "http://www.queenalice.com/game.php?id=914487"]
[Date "2011.3.19"]
[Round "1"]
[White "yannigator"]
[Black "hoovain"]
[Result "0-1"]
[WhiteElo "1688"]
[BlackElo "1757"]

1. e4 c5 2. c3 d6 3. d4 cxd4 4. cxd4 Nf6 5. Nc3 Nbd7 6. Bb5 g6 7. Nge2 Bg7 8.
Be3 O-O 9. O-O a6 10. Bd3 b5 11. b4 Bb7 12. f3 Rc8 13. a4 bxa4 14. Nxa4 Ne8 15.
Rc1 Nc7 16. d5 e6 17. dxe6 fxe6 18. Qb3 d5 19. Nb6 Nxb6 20. Bxb6 Qd7 21. exd5
Bxd5 22. Bc4 Be5 23. Bxd5 Nxd5 24. Rxc8 Rxc8 25. f4 Bd6 26. Rd1 Bxb4 27. g3 Qb5
28. Bf2 Qxe2 29. Rxd5 Rc1+ 30. Kg2 Qf1+ 31. Kf3 Rc3+ 0-1

[Event "AUTO-OPEN-2301"]
[Site "http://www.queenalice.com/game.php?id=914488"]
[Date "2011.3.19"]
[Round "1"]
[White "hoovain"]
[Black "yannigator"]
[Result "0-1"]
[WhiteElo "1742"]
[BlackElo "1727"]

1. e4 e5 2. Nf3 d6 3. Bc4 f5 4. Nc3 Nf6 5. d3 fxe4 6. dxe4 Be7 7. O-O Bd7 8. Ng5
Qc8 9. Bf7+ Kf8 10. f4 exf4 11. Bxf4 Be8 12. Bxe8 Qxe8 13. Nd5 Nxd5 14. Ne6+ Kg8
15. exd5 Na6 16. Qg4 Qg6 17. Qe2 h6 18. Rae1 Kh7 19. Rf2 Nc5 20. Nxc5 dxc5 21.
Qxe7 Rae8 22. Qxc7 Rxe1+ 23. Rf1 Rxf1+ 24. Kxf1 Qxc2 25. Bxh6 Kxh6 0-1

[Event "AUTO-OPEN-2301"]
[Site "http://www.queenalice.com/game.php?id=914506"]
[Date "2011.3.19"]
[Round "1"]
[White "hoovain"]
[Black "cecel"]
[Result "0-1"]
[WhiteElo "1763"]
[BlackElo "1640"]

1. e4 e5 2. Nc3 c6 3. Nf3 Qe7 4. Bc4 h6 5. O-O Nf6 6. d3 Nh7 7. d4 d6 8. d5 Bg4
9. Be3 g5 10. a3 Bg7 11. b4 Nd7 12. dxc6 bxc6 13. b5 cxb5 14. Bxb5 O-O 15. Nd5
Qd8 16. Rb1 Nc5 0-1

[Event "Challenge"]
[Site "http://www.queenalice.com/game.php?id=933626"]
[Date "2011.5.3"]
[Round "-"]
[White "Einstein"]
[Black "hoovain"]
[Result "1/2-1/2"]
[WhiteElo "2076"]
[BlackElo "1770"]

1. e4 c5 2. Nf3 d6 3. Nc3 Nf6 4. d4 cxd4 5. Nxd4 g6 6. f4 Bg7 7. e5 dxe5 8. fxe5
Nd5 9. Bb5+ Nc6 10. Nxc6 bxc6 11. Bxc6+ Bd7 12. Bxa8 Qxa8 13. Nxd5 O-O 14. Nxe7+
Kh8 15. Qxd7 Qe4+ 16. Kd1 Qxg2 17. Qd5 Qg4+ 18. Ke1 Qh4+ 19. Kf1 Qxe7 20. Bf4
Rd8 21. Qa5 Qh4 22. Qe1 Qxf4+ 23. Qf2 Qc4+ 24. Qe2 Qf4+ 25. Ke1 Qh4+ 26. Qf2
1/2-1/2

[Event "AUTO-ADV-2244"]
[Site "http://www.queenalice.com/game.php?id=971867"]
[Date "2011.8.12"]
[Round "1"]
[White "FPM"]
[Black "hoovain"]
[Result "1-0"]
[WhiteElo "1942"]
[BlackElo "1768"]

1. e4 c6 2. c4 e6 3. e5 d5 4. cxd5 cxd5 5. d4 Nc6 6. Be3 Bb4+ 7. Nd2 Nge7 8. Nf3
Bd7 9. Qb3 O-O 10. Bd3 Qc7 11. O-O Rfc8 12. Rac1 a5 13. a3 a4 14. Qd1 Bxd2 15.
Qxd2 Ra5 16. Bg5 Qb6 17. Bxe7 Nxe7 18. Rxc8+ Bxc8 19. Rc1 Qa7 20. Rc7 1-0

[Event "AUTO-ADV-2244"]
[Site "http://www.queenalice.com/game.php?id=971881"]
[Date "2011.8.12"]
[Round "1"]
[White "hoovain"]
[Black "jupar"]
[Result "0-1"]
[WhiteElo "1746"]
[BlackElo "1832"]

1. e4 e5 2. f4 exf4 3. Nf3 g5 4. Bc4 d6 5. Nc3 Bg7 6. d3 Nc6 7. Bd2 Bg4 8. Qe2
Nd4 9. Qd1 Nxf3+ 10. gxf3 Bh5 11. Qe2 Nf6 12. O-O-O O-O 13. Rdg1 h6 14. Nd5 c6
15. Nxf6+ Qxf6 16. Bc3 Qg6 17. Bxg7 Kxg7 18. h4 f6 19. Be6 Rae8 20. Bf5 Qf7 21.
hxg5 fxg5 22. Rh3 Bg6 23. Bxg6 Kxg6 24. Kb1 d5 25. c3 dxe4 26. dxe4 Rd8 27. e5
Qf5+ 28. Kc1 Qxh3 29. Qe4+ Qf5 0-1

[Event "AUTO-ADV-2244"]
[Site "http://www.queenalice.com/game.php?id=971883"]
[Date "2011.8.12"]
[Round "1"]
[White "hoovain"]
[Black "Rubens2009"]
[Result "0-1"]
[WhiteElo "1759"]
[BlackElo "1822"]

1. d4 d5 2. c4 c5 3. cxd5 Qxd5 4. e3 cxd4 5. exd4 e5 6. Qa4+ Bd7 7. Nc3 Qe6 8.
d5 Qf5 9. Qe4 Bd6 10. Nf3 Nf6 11. Qxf5 Bxf5 12. Bb5+ Bd7 13. O-O O-O 14. Bg5 Ne8
15. Rac1 f6 16. Be3 a6 17. Bd3 Bg4 18. Nd2 Nd7 19. Nce4 Bb4 20. Rc2 Bf5 21. Rfc1
Bxd2 22. Rxd2 Bxe4 23. Bxe4 b6 24. d6 f5 25. Bc6 Rd8 26. Bg5 Nef6 27. Bxd7 Rxd7
28. Rc7 Rdd8 29. Bxf6 Rxf6 30. d7 Rff8 31. g3 h6 32. Rd6 Rb8 33. Rd5 e4 34. Kg2
a5 35. Rxf5 Rxf5 36. Rc8+ Rf8 0-1

[Event "AUTO-ADV-2244"]
[Site "http://www.queenalice.com/game.php?id=971884"]
[Date "2011.8.12"]
[Round "1"]
[White "Rubens2009"]
[Black "hoovain"]
[Result "1-0"]
[WhiteElo "1834"]
[BlackElo "1782"]

1. e4 c5 2. Nf3 d6 3. Bc4 Nf6 4. Ng5 e6 5. d4 cxd4 6. Qxd4 Qa5+ 7. Bd2 Nc6 8.
Qe3 Qc7 9. Nc3 Be7 10. Nb5 Qd7 11. O-O O-O 12. Bc3 a6 13. Nd4 b5 14. Bd3 Ng4 15.
Qd2 Bb7 16. h3 Nge5 17. Nxc6 Bxc6 18. Bxe5 dxe5 19. Nf3 Qc7 20. a3 Rad8 21. Qe2
f5 22. Rad1 Rxd3 23. cxd3 fxe4 24. dxe4 a5 25. Rc1 Qb6 26. Nxe5 Bb7 27. Nd7 Qa7
28. Nxf8 Bxf8 29. Qg4 Qb6 30. Kh1 e5 31. Rfd1 Qxf2 32. Rf1 Qxb2 33. Qe6+ 1-0